000 00856nam a22002657a 4500
005 20230512221601.0
008 180307t xxu||||| |||| 00| 0 eng d
020 _a9789812725943
040 _cCSPC
082 0 _a615.58
_bEd59i
100 _aEdmunds, Marilyn Winterton,
_eauthor.
245 0 0 _aIntroduction to clinical pharmacology study guide/
_cMarilyn Winterton Edmunds
250 _aSixth (6th)
_bedition.
260 _aBaltimore :
_bMosby Elsevier ;
_c2010.
300 _avii, 230 pages :
_bfigures ;
_c26 cm.
650 1 0 _aClinical pharmacology.
650 1 0 _aNursing.
650 1 0 _aDrugs
_vAdministration.
650 1 0 _aChemotherapy.
650 1 0 _aDrugs
_vDosage.
940 _ayves
942 _cBOOK
_jNUR 615.58 Ed59i 2010
999 _c2378
_d2378